[Event "30.Alpenpokal Obersdorf op"]
[Site "Tiefenbach (08.01.-18.01)"]
[Date "2004.??.??"]
[Round "3.21"]
[White "Woell, Josef"]
[Black "Boehm, Karl[33Vahr]"]
[Result "1-0"]
[WhiteElo "1878"]
[BlackElo "1595"]
[PlyCount "139"]
[EventDate "2004.01.??"]
[Source "ChessOrg"]
[SourceDate "2005.04.24"]

1. d4 d5 2. Bg5 h6 3. Bh4 Bf5 4. e3 Nd7 5. Nd2 Ngf6 6. Ngf3 e6 7. c4 Be7 8. Rc1
O-O 9. Bxf6 Nxf6 10. c5 c6 11. b4 a6 12. Qb3 Ne4 13. a4 Bh4 14. g3 Bf6 15. Bg2
Nxd2 16. Nxd2 e5 17. dxe5 Bxe5 18. Nf3 Bf6 19. O-O Re8 20. Rfe1 Be4 21. Rcd1
Qe7 22. Nd4 Bxg2 23. Kxg2 Qe4+ 24. f3 Qe7 25. Re2 Bxd4 26. Rxd4 Qe5 27. Qd3 Re7
28. b5 axb5 29. axb5 Ra5 30. bxc6 bxc6 31. Qc3 Qc7 32. Rb4 Re8 33. Kf2 Rea8 34.
Reb2 Ra2 35. Qc2 Rxb2 36. Qxb2 Qa5 37. Qc3 Qa2+ 38. Rb2 Qa5 39. Qc2 g6 40. g4
Qa7 41. Rb6 Qc7 42. Kg2 Rb8 43. Qb2 Rc8 44. Rb7 Qd8 45. Qe5 Qf8 46. Qf6 Qg7 47.
Qe7 Qf8 48. Qxf8+ Kxf8 49. Rd7 Re8 50. Kf2 Re6 51. Rb7 Kg7 52. f4 Kf6 53. Rb6
h5 54. h3 hxg4 55. hxg4 Kg7 56. Kf3 f6 57. f5 gxf5 58. gxf5 Re5 59. Rxc6 Rxf5+
60. Kg4 Kg6 61. Rd6 Re5 62. Kf3 Kg5 63. c6 Re8 64. Rxd5+ Kg6 65. Rd7 Rc8 66. c7
Kf5 67. Re7 Kg5 68. e4 f5 69. e5 f4 70. Ke4 1-0

[Event "30.Alpenpokal Obersdorf op"]
[Site "Tiefenbach (08.01.-18.01)"]
[Date "2004.??.??"]
[Round "3.22"]
[White "Schlierkamp, Ferdinand"]
[Black "Auf'm Wasser, Guenter"]
[Result "1-0"]
[WhiteElo "2070"]
[BlackElo "1614"]
[PlyCount "63"]
[EventDate "2004.01.??"]
[Source "ChessOrg"]
[SourceDate "2005.04.24"]

1. e4 c5 2. Nf3 Nc6 3. d4 cxd4 4. Nxd4 e5 5. Nb5 a6 6. Nd6+ Bxd6 7. Qxd6 Qe7 8.
Qd1 Nf6 9. Nc3 d6 10. Bg5 Be6 11. Nd5 Bxd5 12. exd5 Nd8 13. c4 h6 14. Be3 Rc8
15. Be2 O-O 16. O-O Nd7 17. f4 e4 18. g4 f5 19. gxf5 Nf6 20. Rc1 Nf7 21. Rf2
Qd7 22. Rg2 b5 23. b3 Kh8 24. Qe1 Rg8 25. Qh4 bxc4 26. bxc4 Qxf5 27. Kh1 Qh7
28. Rcg1 Qf5 29. Rg3 Kh7 30. Bd4 e3 31. Rxe3 Nxd5 32. Bd3 1-0

[Event "30.Alpenpokal Obersdorf op"]
[Site "Tiefenbach (08.01.-18.01)"]
[Date "2004.??.??"]
[Round "3.23"]
[White "Herzog, Manfred[60Sulzf]"]
[Black "Witte, Ronald"]
[Result "0-1"]
[WhiteElo "1725"]
[BlackElo "1963"]
[PlyCount "106"]
[EventDate "2004.01.??"]
[Source "ChessOrg"]
[SourceDate "2005.04.24"]

1. d4 d5 2. Nf3 c6 3. e3 Nf6 4. b3 e6 5. Bb2 a5 6. Bd3 a4 7. bxa4 Qb6 8. Qc1
Rxa4 9. Nbd2 Qa7 10. O-O Ba3 11. c4 O-O 12. c5 Nbd7 13. Bc2 Ra6 14. Bd3 Bxb2
15. Qxb2 Ra3 16. Nb3 Re8 17. Nfd2 Qa8 18. f4 b6 19. cxb6 Nxb6 20. Nc5 Nfd7 21.
Ndb3 Nxc5 22. Nxc5 Nd7 23. Qc2 Nxc5 24. Bxh7+ Kh8 25. dxc5 Rxe3 26. Qf2 Qa3 27.
Qh4 Qc3 28. Bg6+ Kg8 29. Qh7+ Kf8 30. Qh8+ Ke7 31. Qh4+ Qf6 32. Qxf6+ Kxf6 33.
Bh5 Ba6 34. Rfb1 Ra3 35. Rb3 Ra5 36. Rb6 Bb5 37. Bd1 Ra3 38. Bb3 Rea8 39. Rc1
R8a7 40. Kf2 Kf5 41. g3 Ke4 42. Rb8 Kd4 43. Rh8 Ba4 44. Rb8 Bxb3 45. axb3 Ra2+
46. Kg1 Rd2 47. Rb4+ Ke3 48. Rb6 Raa2 49. Rxc6 Rg2+ 50. Kf1 Rxh2 51. Kg1 Rag2+
52. Kf1 d4 53. Ra6 Kf3 0-1

[Event "30.Alpenpokal Obersdorf op"]
[Site "Tiefenbach (08.01.-18.01)"]
[Date "2004.??.??"]
[Round "3.24"]
[White "Reinke, Kurt[39Benrath]"]
[Black "Luebbers, Doris,Dr."]
[Result "1-0"]
[WhiteElo "1812"]
[BlackElo "1403"]
[PlyCount "109"]
[EventDate "2004.01.??"]
[Source "ChessOrg"]
[SourceDate "2005.04.24"]

1. d4 d5 2. c4 e6 3. Nc3 Be7 4. Nf3 Nf6 5. Bg5 Nbd7 6. e3 b6 7. Rc1 Bb7 8. Bd3
O-O 9. O-O Ne4 10. Bxe7 Qxe7 11. cxd5 exd5 12. Qb3 Ndf6 13. Be2 Rfc8 14. Qd1 c6
15. Ne5 Nxc3 16. bxc3 Rc7 17. Qc2 Bc8 18. g4 g6 19. f3 Nd7 20. Nd3 f6 21. Nf4
Nf8 22. Qd2 Ne6 23. Ng2 Qg7 24. h4 h6 25. Qc2 Nf8 26. Nf4 f5 27. g5 h5 28. Rfe1
Re7 29. c4 Be6 30. Qa4 Rc7 31. Bd3 Rac8 32. Qa3 Kh7 33. c5 b5 34. Qb4 Ra8 35.
Qa5 a6 36. a4 Raa7 37. Ra1 Bc8 38. Qb4 Qf7 39. Qd2 Re7 40. Bf1 Rac7 41. Nd3 Ra7
42. Ne5 Qe8 43. Ra3 Rec7 44. Rea1 Nd7 45. f4 Nb8 46. axb5 cxb5 47. Bg2 Be6 48.
Qa2 Qd8 49. Nd3 Qd7 50. Nb4 a5 51. Rxa5 Rxa5 52. Qxa5 Rb7 53. Qa2 Nc6 54. Nxd5
Ra7 55. Nf6+ 1-0

[Event "30.Alpenpokal Obersdorf op"]
[Site "Tiefenbach (08.01.-18.01)"]
[Date "2004.??.??"]
[Round "3.25"]
[White "Aigner, Georg"]
[Black "Kycler, Jan"]
[Result "1/2-1/2"]
[WhiteElo "1816"]
[BlackElo "1762"]
[PlyCount "77"]
[EventDate "2004.01.??"]
[Source "ChessOrg"]
[SourceDate "2005.04.24"]

1. e4 d5 2. exd5 Qxd5 3. Nc3 Qa5 4. Nf3 c6 5. d4 Nf6 6. Bd3 Bg4 7. h3 Bh5 8.
Bd2 Qc7 9. g4 Bg6 10. Ne5 Bxd3 11. Nxd3 e6 12. Qe2 Bd6 13. Ne4 Nxe4 14. Qxe4
Nd7 15. g5 O-O-O 16. O-O-O c5 17. dxc5 Nxc5 18. Nxc5 Bxc5 19. Bf4 Bd6 20. Bxd6
Rxd6 21. Rxd6 Qxd6 22. Rd1 Qe7 23. Qc4+ Qc7 24. Qd4 Rd8 25. Qxa7 Rxd1+ 26. Kxd1
Qc4 27. Qa8+ Kc7 28. Qa5+ Kd7 29. Qd2+ Ke7 30. b3 Qf1+ 31. Qe1 Qxh3 32. Qb4+
Ke8 33. Qb5+ Kf8 34. Qc5+ Ke8 35. Qc8+ Ke7 36. Qxb7+ Ke8 37. Qb5+ Ke7 38. Qc5+
Ke8 39. a4 1/2-1/2

[Event "30.Alpenpokal Obersdorf op"]
[Site "Tiefenbach (08.01.-18.01)"]
[Date "2004.??.??"]
[Round "3.26"]
[White "Drewitz, Friedel"]
[Black "Schulz, Toni,Prof.Dr[48]"]
[Result "0-1"]
[WhiteElo "1749"]
[BlackElo "1854"]
[PlyCount "56"]
[EventDate "2004.01.??"]
[Source "ChessOrg"]
[SourceDate "2005.04.24"]

1. e4 c5 2. Nf3 e6 3. d4 cxd4 4. Nxd4 a6 5. Bc4 Nf6 6. Bd3 Qc7 7. O-O d6 8. Nc3
Be7 9. Be3 O-O 10. h3 Nbd7 11. f4 b5 12. a3 Bb7 13. Rc1 Rac8 14. Qf3 Nb6 15. g4
Nc4 16. Bxc4 Qxc4 17. g5 Nd7 18. Qg4 g6 19. h4 e5 20. Nd5 Bxd5 21. exd5 exd4
22. Qxd7 Rc7 23. Qh3 dxe3 24. f5 Qxd5 25. f6 Bd8 26. Rfe1 Re8 27. Re2 Rc4 28.
c3 Qe4 0-1

[Event "30.Alpenpokal Obersdorf op"]
[Site "Tiefenbach (08.01.-18.01)"]
[Date "2004.??.??"]
[Round "3.29"]
[White "Marek, Herbert"]
[Black "Fischer, Paul[37Hiltrup]"]
[Result "0-1"]
[WhiteElo "1651"]
[BlackElo "1740"]
[PlyCount "96"]
[EventDate "2004.01.??"]
[Source "ChessOrg"]
[SourceDate "2005.04.24"]

1. d4 Na6 2. e4 c6 3. f4 d5 4. e5 Bf5 5. c3 Nc7 6. Bd3 Qd7 7. Nf3 Nh6 8. O-O e6
9. Nh4 Bxd3 10. Qxd3 Be7 11. Nf3 O-O 12. Na3 c5 13. Ng5 Nf5 14. g4 c4 15. Qc2
Bxg5 16. gxf5 Bh4 17. fxe6 fxe6 18. Be3 Rf5 19. Kh1 Qf7 20. Rf3 Rh5 21. Rg1 Rf8
22. Rg4 Be7 23. Rfg3 g6 24. Qg2 Kh8 25. Nc2 Ne8 26. Ne1 Ng7 27. Rh3 Rxh3 28.
Qxh3 Nf5 29. Bc1 Ng7 30. Nf3 Qf5 31. Qg2 Qd3 32. Ne1 Qb1 33. Qc2 Qxa2 34. Nf3
Nf5 35. Rg1 a5 36. Qf2 Qa4 37. h4 Qe8 38. Ng5 Bxg5 39. hxg5 Ng7 40. Qh2 Nh5 41.
Kg2 Qf7 42. Rf1 Qf5 43. Kg1 b5 44. Kg2 Qg4+ 45. Kf2 Nxf4 46. Ke3 Ng2+ 47. Qxg2
Qxg2 48. Rxf8+ Kg7 0-1

[Event "30.Alpenpokal Obersdorf op"]
[Site "Tiefenbach (08.01.-18.01)"]
[Date "2004.??.??"]
[Round "3.30"]
[White "Tauscher, Max"]
[Black "Wahl, Hedi"]
[Result "0-1"]
[WhiteElo "1604"]
[BlackElo "1422"]
[PlyCount "144"]
[EventDate "2004.01.??"]
[Source "ChessOrg"]
[SourceDate "2005.04.24"]

1. e4 g6 2. d4 d6 3. Nf3 Bg7 4. h3 e6 5. c4 Ne7 6. Bg5 O-O 7. Qd2 Nd7 8. Bh6
Nf6 9. Bd3 b6 10. O-O Bb7 11. Nc3 c6 12. Bxg7 Kxg7 13. Rfd1 Qc7 14. Rac1 Rad8
15. Qe3 Rfe8 16. b3 Nd7 17. Qf4 e5 18. dxe5 dxe5 19. Qg3 f6 20. Bb1 a6 21. Nd4
Nf8 22. Nf5+ Nxf5 23. exf5 g5 24. h4 h6 25. Be4 Nd7 26. hxg5 hxg5 27. Qf3 Nc5
28. Bc2 Rh8 29. g3 Nd7 30. Be4 Nc5 31. Bc2 Nd7 32. Ne4 c5 33. Rd2 Nb8 34. Rcd1
Nc6 35. Rxd8 Rxd8 36. Rxd8 Qxd8 37. Qh5 Ne7 38. Qf3 Qd7 39. g4 Qc8 40. Qd1 Qc6
41. Qd6 Qxd6 42. Nxd6 Bf3 43. Kh2 Bxg4 44. Kg3 Bh5 45. f3 Nc6 46. Be4 Nd4 47.
Kf2 g4 48. fxg4 Bxg4 49. Ke3 Bh5 50. Nc8 b5 51. Nd6 bxc4 52. bxc4 Be2 53. Bd3
Bxd3 54. Kxd3 Nc6 55. a3 Nd4 56. Ke4 Kh6 57. Nb7 Nb3 58. Kd5 Kg5 59. Ke4 a5 60.
a4 Nd4 61. Nd6 Kg4 62. Ne8 Kg5 63. Ng7 Kg4 64. Ne6 Nxf5 65. Nxc5 Ng3+ 66. Ke3
f5 67. Nd3 f4+ 68. Kf2 e4 69. Ne1 e3+ 70. Kg2 Ne4 71. Nf3 Nd2 72. Nh2+ Kf5 0-1

[Event "30.Alpenpokal Obersdorf op"]
[Site "Tiefenbach (08.01.-18.01)"]
[Date "2004.??.??"]
[Round "3.31"]
[White "Weissenfels, Gerd"]
[Black "Meyer, Thomas[52Tübing]"]
[Result "0-1"]
[WhiteElo "1275"]
[BlackElo "1598"]
[PlyCount "74"]
[EventDate "2004.01.??"]
[Source "ChessOrg"]
[SourceDate "2005.04.24"]

1. e4 c6 2. d4 d5 3. e5 Bf5 4. Nf3 e6 5. g3 h6 6. Bg2 c5 7. Be3 Nc6 8. c3 cxd4
9. Bxd4 Qc7 10. O-O Nge7 11. Qe2 Bg4 12. Nbd2 Nxd4 13. cxd4 Nc6 14. Qe3 Bf5 15.
Rac1 Be7 16. Nb3 b6 17. a3 O-O 18. Rc3 Qb7 19. Rfc1 Rac8 20. Ne1 a6 21. f4 Na7
22. Bf1 Rxc3 23. Rxc3 Rc8 24. Rxc8+ Qxc8 25. Bd3 Bxd3 26. Qxd3 Qc7 27. Nd2 Qc1
28. Kf1 Qxb2 29. Qxa6 Qxd4 30. Qxa7 Bc5 31. Kg2 Qxd2+ 32. Kh3 Qxe1 33. Qd7 Qf1+
34. Kg4 Qe2+ 35. Kh3 Qf1+ 36. Kg4 h5+ 37. Kg5 Qh3 0-1

[Event "30.Alpenpokal Obersdorf op"]
[Site "Tiefenbach (08.01.-18.01)"]
[Date "2004.??.??"]
[Round "4.1"]
[White "Merkel, Gerd"]
[Black "Meyer, Gerd[61Huckarde]"]
[Result "1/2-1/2"]
[WhiteElo "2095"]
[BlackElo "1982"]
[PlyCount "53"]
[EventDate "2004.01.??"]
[Source "ChessOrg"]
[SourceDate "2005.04.24"]

1. d4 d5 2. c4 e6 3. Nc3 c5 4. cxd5 exd5 5. Nf3 Nc6 6. g3 cxd4 7. Nxd4 Nf6 8.
Bg2 Bb4 9. O-O Bxc3 10. bxc3 O-O 11. Bg5 Be6 12. Nxc6 bxc6 13. Qd4 h6 14. Bf4
Nd7 15. Rab1 c5 16. Qa4 Nb6 17. Qb5 Rc8 18. Rfd1 Qe7 19. Qa6 Rfd8 20. Bf3 g5
21. Bc1 Bf5 22. Rb2 Rc7 23. Rbd2 Rcd7 24. e3 Qe5 25. Be2 Qxc3 26. Bb2 Qb4 27.
Ba3 1/2-1/2

[Event "30.Alpenpokal Obersdorf op"]
[Site "Tiefenbach (08.01.-18.01)"]
[Date "2004.??.??"]
[Round "4.2"]
[White "Emde, Rainer"]
[Black "Jolowicz, Matias,Dr."]
[Result "0-1"]
[WhiteElo "1995"]
[BlackElo "2133"]
[PlyCount "56"]
[EventDate "2004.01.??"]
[Source "ChessOrg"]
[SourceDate "2005.04.24"]

1. d4 Nf6 2. Nf3 c5 3. e3 g6 4. c4 Bg7 5. Nc3 O-O 6. Be2 d5 7. O-O cxd4 8. exd4
Nc6 9. Re1 Bg4 10. cxd5 Nxd5 11. h3 Be6 12. Bf1 Rc8 13. Bg5 h6 14. Be3 Kh7 15.
Na4 Ncb4 16. Nc5 Bf5 17. g4 Bc2 18. Qd2 b6 19. Na6 Nxe3 20. Rxe3 Nd5 21. Ra3
Qd6 22. Re1 f5 23. g5 h5 24. Ne5 Be4 25. Nc4 Qf4 26. Qxf4 Nxf4 27. Nb4 a5 28.
Na6 Bxd4 0-1

[Event "30.Alpenpokal Obersdorf op"]
[Site "Tiefenbach (08.01.-18.01)"]
[Date "2004.??.??"]
[Round "4.3"]
[White "Wempe, Juergen"]
[Black "Johne, Siegfried"]
[Result "1-0"]
[WhiteElo "2113"]
[BlackElo "1828"]
[PlyCount "53"]
[EventDate "2004.01.??"]
[Source "ChessOrg"]
[SourceDate "2005.04.24"]

1. e4 c5 2. d4 cxd4 3. c3 dxc3 4. Nxc3 d6 5. Bc4 e6 6. Nf3 Nc6 7. O-O Nf6 8.
Qe2 Be7 9. Rd1 Qc7 10. Nb5 Qb8 11. Bf4 e5 12. Bg5 O-O 13. Bxf6 gxf6 14. Nh4 Be6
15. Bxe6 fxe6 16. Qg4+ Kf7 17. Qh5+ Kg7 18. Rd3 Rg8 19. Rad1 Nd4 20. Rg3+ Kh8
21. Rdd3 Rg5 $4 (21... Nxb5 $5 22. Rxg8+ Qxg8 23. Rg3 Qxg3 24. hxg3 Kg8) 22.
Rxg5 fxg5 23. Ng6+ Kg7 24. Nxd4 hxg6 25. Nxe6+ Kf6 26. Rf3+ Kxe6 27. Qg4# 1-0

[Event "30.Alpenpokal Obersdorf op"]
[Site "Tiefenbach (08.01.-18.01)"]
[Date "2004.??.??"]
[Round "4.4"]
[White "Poffers, Adrian"]
[Black "Pragua, Christoph"]
[Result "1-0"]
[WhiteElo "2289"]
[BlackElo "2059"]
[PlyCount "69"]
[EventDate "2004.01.??"]
[Source "ChessOrg"]
[SourceDate "2005.04.24"]

1. Nf3 Nf6 2. c4 g6 3. b4 a5 4. b5 Bg7 5. Bb2 O-O 6. e3 d6 7. d4 Nbd7 8. Qc2
Re8 9. Be2 e5 10. O-O e4 11. Nfd2 Nf8 12. Nc3 Bf5 13. Ba3 h5 14. Rab1 h4 15.
Rfc1 N8h7 16. Nd5 b6 17. Nxf6+ Qxf6 18. c5 dxc5 19. dxc5 Qg5 20. cxb6 cxb6 21.
Qc6 Bh3 22. g3 Nf6 23. Bb2 Nd5 24. Nxe4 Rxe4 25. Qxa8+ Kh7 26. Bxg7 Kxg7 27.
Bf3 Qf5 28. Bh1 Nc3 29. Rxc3 Re8 30. e4 Qe5 31. Qc6 Rc8 32. Qxc8 Bxc8 33. Rxc8
Qe6 34. Rc2 h3 35. Bf3 1-0

[Event "30.Alpenpokal Obersdorf op"]
[Site "Tiefenbach (08.01.-18.01)"]
[Date "2004.??.??"]
[Round "4.5"]
[White "Hiller, Joachim[42Deidesh]"]
[Black "Schulz, Wolfgang[32Hamb]"]
[Result "0-1"]
[WhiteElo "1880"]
[BlackElo "2111"]
[PlyCount "144"]
[EventDate "2004.01.??"]
[Source "ChessOrg"]
[SourceDate "2005.04.24"]

1. d4 d6 2. e4 Nf6 3. Nc3 e5 4. dxe5 dxe5 5. Qxd8+ Kxd8 6. Bd2 Bc5 7. Bc4 Ke7
8. Nf3 Nbd7 9. O-O c6 10. a3 Bd6 11. Be3 Nb6 12. Bb3 h6 13. Rad1 Be6 14. Bxe6
Kxe6 15. Rd3 Rhd8 16. Rfd1 Rd7 17. h3 Nc4 18. Bc1 Bf8 19. Rxd7 Nxd7 20. Nd2
Ndb6 21. Nxc4 Nxc4 22. Nb1 b5 23. b3 Nb6 24. Nc3 g6 25. g4 f5 26. f3 fxg4 27.
hxg4 h5 28. Kg2 Be7 29. g5 Bc5 30. Ne2 Rf8 31. f4 Nd7 32. b4 Bd6 33. fxe5 Bxe5
34. Nd4+ Bxd4 35. Rxd4 Ne5 36. Rd1 Nc4 37. Rd3 a6 38. Rf3 Rxf3 39. Kxf3 Ke5 40.
c3 Ke6 41. Kf4 h4 42. Kg4 Ne5+ 43. Kxh4 Nd3 44. Be3 Ke5 45. Bd4+ Kxe4 46. Kg4
Ne5+ 47. Kg3 Nc4 48. Kg4 Nxa3 49. Bf6 Nc4 50. Kg3 Ne3 51. Kf2 Nd5 52. Kg3 Kf5
53. Bd8 Nxc3 54. Kf3 Nd5 55. Ba5 Ke5 56. Kg4 Ke4 57. Kg3 Nf4 58. Bd8 Ne6 59.
Be7 Kf5 60. Kh4 Ke4 61. Kg4 Kd5 62. Kf3 c5 63. bxc5 Nxc5 64. Ke3 a5 65. Kd2 Kc4
66. Kc2 b4 67. Kb2 a4 68. Kc2 Ne4 69. Kb2 Nc3 70. Bf6 a3+ 71. Ka1 b3 72. Be5
b2# 0-1

[Event "30.Alpenpokal Obersdorf op"]
[Site "Tiefenbach (08.01.-18.01)"]
[Date "2004.??.??"]
[Round "4.7"]
[White "Moehring, Norbert"]
[Black "Schlierkamp, Ferdinand"]
[Result "0-1"]
[WhiteElo "1812"]
[BlackElo "2070"]
[PlyCount "44"]
[EventDate "2004.01.??"]
[Source "ChessOrg"]
[SourceDate "2005.04.24"]

1. b4 c6 2. c4 d5 3. e3 Nf6 4. Nf3 e6 5. b5 Bd6 6. Bb2 O-O 7. Qc2 Re8 8. Be5
Bxe5 9. Nxe5 Nbd7 10. Nxd7 Bxd7 11. Be2 dxc4 12. bxc6 Bxc6 13. Qxc4 Bxg2 14.
Rg1 Rc8 15. Qf4 Rc1+ 16. Bd1 Be4 17. Nc3 Rxa1 18. Nxe4 Nxe4 19. Qxe4 Qd5 20.
Qh4 Qf3 21. Qa4 Rd8 22. Rg4 b5 0-1

[Event "30.Alpenpokal Obersdorf op"]
[Site "Tiefenbach (08.01.-18.01)"]
[Date "2004.??.??"]
[Round "4.8"]
[White "Boeven, Manfred"]
[Black "Heissenbuettel, Hans-Erich"]
[Result "1-0"]
[WhiteElo "2020"]
[BlackElo "1900"]
[PlyCount "43"]
[EventDate "2004.01.??"]
[Source "ChessOrg"]
[SourceDate "2005.04.24"]

1. d4 d6 2. e4 e5 3. dxe5 dxe5 4. Qxd8+ Kxd8 5. Bc4 f6 6. Be3 c6 7. Nc3 Nd7 8.
O-O-O Kc7 9. f4 Bd6 10. f5 b6 11. Nge2 Ne7 12. g4 Bc5 13. Bxc5 Nxc5 14. b4 Nb7
15. Ng3 Nd6 16. Bb3 g6 17. Rhf1 Rf8 18. Rf2 Ba6 19. Be6 Rad8 20. a4 Ne8 21.
Rxd8 Kxd8 22. Rd2+ 1-0

[Event "30.Alpenpokal Obersdorf op"]
[Site "Tiefenbach (08.01.-18.01)"]
[Date "2004.??.??"]
[Round "4.9"]
[White "Siegmund, Rainer"]
[Black "Pruess, Martin"]
[Result "1/2-1/2"]
[WhiteElo "1960"]
[BlackElo "1827"]
[PlyCount "41"]
[EventDate "2004.01.??"]
[Source "ChessOrg"]
[SourceDate "2005.04.24"]

1. d4 d6 2. Nf3 Nf6 3. c4 g6 4. Nc3 Bg7 5. e4 O-O 6. Be2 c5 7. d5 e6 8. O-O
exd5 9. cxd5 Re8 10. Qc2 Bg4 11. h3 Bxf3 12. Bxf3 Nbd7 13. Be2 a6 14. a4 Qe7
15. Re1 Nxe4 16. Bd3 f5 17. Nxe4 (17. f3 $4 Qh4 18. Be3 Nxc3 19. bxc3 Ne5)
17... fxe4 18. Rxe4 Qf6 19. Rb1 Rxe4 20. Bxe4 Re8 21. Be3 1/2-1/2

[Event "30.Alpenpokal Obersdorf op"]
[Site "Tiefenbach (08.01.-18.01)"]
[Date "2004.??.??"]
[Round "4.10"]
[White "Klempt, Guenter"]
[Black "Woell, Josef"]
[Result "0-1"]
[WhiteElo "1894"]
[BlackElo "1878"]
[PlyCount "130"]
[EventDate "2004.01.??"]
[Source "ChessOrg"]
[SourceDate "2005.04.24"]

1. d4 d5 2. c4 c6 3. Nf3 Nf6 4. Nc3 e6 5. Bg5 Be7 6. e3 Nbd7 7. Bd3 h6 8. Bh4
dxc4 9. Bxc4 Nb6 10. Bb3 Nfd5 11. Bxe7 Qxe7 12. O-O O-O 13. Re1 Nxc3 14. bxc3
Rd8 15. Qe2 c5 16. Rad1 Qc7 17. Ne5 Nd7 18. Nf3 b6 19. e4 Nf6 20. dxc5 Rxd1 21.
Rxd1 bxc5 22. e5 Nd7 23. Bc2 Nf8 24. h3 Bb7 25. Be4 Bxe4 26. Qxe4 Rd8 27. Rxd8
Qxd8 28. Qa4 Qc7 29. Qe4 Qa5 30. Qc4 Ng6 31. a4 Ne7 32. Qb5 Qxb5 33. axb5 Nd5
34. c4 Nb6 35. Nd2 g5 36. Kf1 Kg7 37. Ke2 Nd7 38. Nf3 Kg6 39. Ke3 Nb6 40. Nd2
Kf5 41. Kd3 Kxe5 42. g3 f5 43. Nb3 Kd6 44. f4 gxf4 45. gxf4 Na4 46. Nd2 Nb6 47.
Nf3 Nd7 48. Nh4 Nf8 49. Ke3 Ke7 50. Nf3 Nd7 51. Kd3 Kf6 52. Nd2 e5 53. fxe5+
Nxe5+ 54. Ke3 Kg5 55. Nb3 Nxc4+ 56. Kf3 Na3 57. Nxc5 Nxb5 58. Ne6+ Kf6 59. Nc5
Nd4+ 60. Ke3 Ne6 61. Nd7+ Kg5 62. Ne5 Kh4 63. Nf7 h5 64. Nd6 Ng7 65. Kf3 Kxh3
0-1

[Event "30.Alpenpokal Obersdorf op"]
[Site "Tiefenbach (08.01.-18.01)"]
[Date "2004.??.??"]
[Round "4.11"]
[White "Zuri, Amin-Barin,Dr."]
[Black "Seidel, Juergen"]
[Result "0-1"]
[WhiteElo "1919"]
[BlackElo "1898"]
[PlyCount "81"]
[EventDate "2004.01.??"]
[Source "ChessOrg"]
[SourceDate "2005.04.24"]

1. d4 d5 2. c4 e6 3. Nc3 c5 4. e3 Nf6 5. cxd5 exd5 6. Bb5+ Nc6 7. Nge2 a6 8.
Bd3 c4 9. Bb1 Bd6 10. f3 O-O 11. O-O b5 12. a3 Bc7 13. Qe1 Bb6 14. Qh4 Ne7 15.
g4 Ng6 16. Qf2 Ne8 17. e4 Nc7 18. Be3 dxe4 19. Bxe4 Rb8 20. Rad1 f5 21. gxf5
Bxf5 22. Bxf5 Rxf5 23. Ng3 Rf7 24. d5 Nf4 25. Qd2 Nd3 (25... Ncxd5 26. Nxd5
Nxd5 27. Qxd5 Bxe3+ 28. Kg2 Qf6) 26. Bxb6 Rxb6 27. Qe3 Rg6 28. Rxd3 cxd3 29.
Qxd3 Qd6 30. Rf2 Re7 31. Kf1 Qf4 32. Nce4 Rd7 33. d6 Ne8 34. Qd5+ Qf7 35. Qa8
Qc4+ 36. Kg2 Kf7 37. f4 Nxd6 38. Ng5+ Rxg5 39. fxg5+ Kg6 40. Qf3 Rf7 41. Qh5#
0-1

[Event "30.Alpenpokal Obersdorf op"]
[Site "Tiefenbach (08.01.-18.01)"]
[Date "2004.??.??"]
[Round "4.12"]
[White "Erhart, Uwe"]
[Black "Poehler, Margit"]
[Result "1-0"]
[WhiteElo "1993"]
[BlackElo "1765"]
[PlyCount "57"]
[EventDate "2004.01.??"]
[Source "ChessOrg"]
[SourceDate "2005.04.24"]

1. e4 d6 2. d4 g6 3. Nc3 Bg7 4. Be3 Nd7 5. Qd2 e5 6. f3 Ne7 7. O-O-O a6 8. dxe5
Nxe5 9. f4 N5c6 10. Nf3 O-O 11. h3 b5 12. g4 Be6 13. Nd4 Nxd4 14. Bxd4 f6 15.
f5 Bf7 16. Be3 Nc6 17. Bh6 Re8 18. Bxg7 Kxg7 19. Bg2 Ne5 20. b3 Rc8 21. Nd5 c6
22. Nf4 Qb6 23. Nd3 h5 24. Nxe5 dxe5 25. g5 Red8 26. gxf6+ Kxf6 27. Qh6 Ke7 28.
Qg5+ Ke8 29. fxg6 1-0

[Event "30.Alpenpokal Obersdorf op"]
[Site "Tiefenbach (08.01.-18.01)"]
[Date "2004.??.??"]
[Round "4.13"]
[White "Witte, Ronald"]
[Black "Gerhards, Walter"]
[Result "1/2-1/2"]
[WhiteElo "1963"]
[BlackElo "1814"]
[PlyCount "113"]
[EventDate "2004.01.??"]
[Source "ChessOrg"]
[SourceDate "2005.04.24"]

1. d4 Nf6 2. c4 e5 3. dxe5 Ng4 4. e4 Nxe5 5. f4 Nec6 6. Nf3 Bc5 7. a3 a5 8. Be2
d6 9. Qd3 O-O 10. Be3 Nd7 11. O-O Re8 12. Nc3 Bxe3+ 13. Qxe3 f5 14. Bd3 Nf6 15.
Rae1 h6 16. Qd2 fxe4 17. Nxe4 Bg4 18. Bc2 Rf8 19. Nd4 Nxd4 20. Qxd4 Kh8 21. Ng3
Re8 22. Qd3 Rxe1 23. Rxe1 Qg8 24. h3 Bd7 25. Re7 Re8 26. Rxe8 Bxe8 27. Qe2 Bd7
28. b3 Qf7 29. Qd3 Kg8 30. Nf5 b6 31. Nh4 Bc6 32. Qe3 Qe8 33. Qxe8+ Bxe8 34.
Nf5 Kf7 35. Kf2 Bd7 36. Nd4 d5 37. cxd5 Nxd5 38. f5 Kf6 39. g4 Ke5 40. Nf3+ Kf4
41. Nd4 c5 42. Ne2+ Ke5 43. Bd3 a4 44. bxa4 Bxa4 45. Bc4 Nf6 46. Ke3 Bc6 47.
Nf4 b5 48. Be2 c4 49. Ne6 Nd5+ 50. Kd2 g6 51. Nd8 Be8 52. fxg6 Bxg6 53. Nc6+
Ke4 54. h4 c3+ 55. Kc1 Nc7 56. g5 hxg5 57. hxg5 1/2-1/2

[Event "30.Alpenpokal Obersdorf op"]
[Site "Tiefenbach (08.01.-18.01)"]
[Date "2004.??.??"]
[Round "4.14"]
[White "Kelbratowski, Konrad"]
[Black "Maugg, Ludwig"]
[Result "0-1"]
[WhiteElo "1863"]
[BlackElo "2028"]
[PlyCount "58"]
[EventDate "2004.01.??"]
[Source "ChessOrg"]
[SourceDate "2005.04.24"]

1. d4 Nf6 2. c4 c5 3. d5 e5 4. Bg5 d6 5. Nc3 Be7 6. Bxf6 Bxf6 7. e4 O-O 8. Nge2
Na6 9. Ng3 g6 10. Be2 Bg7 11. Qd2 Nc7 12. O-O Bd7 13. Qc2 Rb8 14. Nb5 a6 15.
Nxc7 Qxc7 16. Rab1 Bh6 17. Bd3 b5 18. Ne2 b4 19. b3 a5 20. f4 exf4 21. Nxf4 Bg7
22. Ne2 a4 23. Qd2 axb3 24. axb3 Ra8 25. Bc2 Qd8 26. Qf4 Ra2 27. Bd1 Qe7 28.
Nc1 Ra3 29. Kh1 f5 0-1

[Event "30.Alpenpokal Obersdorf op"]
[Site "Tiefenbach (08.01.-18.01)"]
[Date "2004.??.??"]
[Round "4.15"]
[White "Froehlich, Rainer[37Sonth]"]
[Black "Reinke, Kurt[39Benrath]"]
[Result "1/2-1/2"]
[WhiteElo "1980"]
[BlackElo "1812"]
[PlyCount "85"]
[EventDate "2004.01.??"]
[Source "ChessOrg"]
[SourceDate "2005.04.24"]

1. c4 Nf6 2. Nc3 c6 3. Nf3 d5 4. cxd5 cxd5 5. d4 e6 6. Bf4 Nh5 7. Bd2 Be7 8. e3
Nf6 9. Bd3 Nc6 10. a3 O-O 11. O-O h6 12. Rc1 Bd7 13. Re1 Rc8 14. b4 a6 15. Qe2
b5 16. Bb1 g6 17. Red1 Re8 18. Be1 Qb6 19. e4 dxe4 20. Nxe4 Nxe4 21. Bxe4 Red8
22. Bxc6 Bxc6 23. Ne5 Bd5 24. Rxc8 Rxc8 25. Qe3 Qd8 26. Bd2 Bf8 27. Ng4 Bg7 28.
Qf4 f6 29. h4 h5 30. Nh2 Bb3 31. Rc1 Rxc1+ 32. Bxc1 Kh7 33. g4 e5 34. dxe5 fxe5
35. Qg3 hxg4 36. Qxg4 Qd4 37. Qg5 Qc3 38. Ng4 Qe1+ 39. Kh2 Bd5 40. Nf6+ Bxf6
41. Qh6+ Kg8 42. Qxg6+ Bg7 43. Qe8+ 1/2-1/2

[Event "30.Alpenpokal Obersdorf op"]
[Site "Tiefenbach (08.01.-18.01)"]
[Date "2004.??.??"]
[Round "4.17"]
[White "Hoffmann, Reinhold[32Wadg]"]
[Black "Wahl, Frithjof,Dr."]
[Result "1/2-1/2"]
[WhiteElo "1804"]
[BlackElo "2009"]
[PlyCount "41"]
[EventDate "2004.01.??"]
[Source "ChessOrg"]
[SourceDate "2005.04.24"]

1. d4 g6 2. c4 Bg7 3. Nc3 d6 4. e4 Nc6 5. Be3 e5 6. d5 Nce7 7. Bd3 f5 8. f3 Nf6
9. Qd2 f4 10. Bf2 g5 11. h4 g4 12. fxg4 Nxg4 13. Nf3 h5 14. c5 Bh6 15. Qe2 a6
16. b4 O-O 17. Na4 Ng6 18. Rc1 Bd7 19. c6 Bc8 20. cxb7 Bxb7 21. Nb2 1/2-1/2